| 000 | 00573nam a2200181Ia 4500 | ||
|---|---|---|---|
| 003 | GCL | ||
| 005 | 20240530102727.0 | ||
| 008 | 140319s9999 xx 000 0 ara d | ||
| 040 |
_aGCL / _cGCL |
||
| 082 | 0 | 4 |
_a813.03 _bى م |
| 100 | 1 | _aيوسف السباعى | |
| 245 | 1 | 0 |
_aمؤلفات يوسف السباعى : _cيوسف السباعى _bأغنيات - الشيخ زعرب / |
| 260 |
_aالقاهرة : _bمكتبة مصر ، _c1987 |
||
| 300 |
_a272 ص ؛ _c19 سم |
||
| 650 | 0 | 4 | _aالادب العربى |
| 650 | 0 | 4 | _aالقصص القصيرة |
| 942 |
_2ddc _cBK |
||
| 999 |
_c34343 _d34343 |
||